| 000 | 01180cam a22002777a 4500 | ||
|---|---|---|---|
| 001 | 82536 | ||
| 003 | BD-RjUL | ||
| 005 | 20231226101841.0 | ||
| 008 | 231226s1954 pk 001 d urd | ||
| 035 | _a(BD-RjUL) 82536 | ||
| 040 |
_aDLC _cDLC _beng |
||
| 041 | _aurd | ||
| 082 |
_223 _a891.552 _bKAR 1954 |
||
| 100 |
_a كشميرى, اغا حشر ;; Kashmiri, Agha Hashr _910685 |
||
| 130 | 0 |
_aRustam va Suhrāb. _910686 |
|
| 245 | 1 | 0 |
_aرستم وسهراب ;; Rustam va Suhrāb / _c اغا حشر كشميرى ; Agha Hashr Kashmiri, _bمكمل ڈراما رستم وسهراب |
| 260 |
_aLahore : _bInshaa press, _c1954 |
||
| 300 |
_a120 p. ; _c20 cm. |
||
| 500 | _aمكمل ڈراما رستم وسهراب | ||
| 505 | _aفردوسي كل وجميل وجميل خواب پارس جس کی لطیف و بدیع تعبیر اغا حشر نے اپنی زبان اور اپنے ملک میی پیشکی | ||
| 650 |
_apersian Drama _910687 |
||
| 700 |
_aفردوسي., پرويز ناتل خانلرى ;; Firdawsī., Parvīz Nātil _910688 |
||
| 710 | 2 |
_aIntishārāt-i Muḥammadi. _910689 |
|
| 942 |
_2ddc _cBK |
||
| 999 |
_c82536 _d82536 |
||